000 00571nam a22001937a 4500
003 OSt
005 20251201171320.0
008 251201b |||||||| |||| 00| 0 eng d
020 _a0-538-88047-3.
040 _aDWCL-Main lib
_cOC
082 _23rd ed.
_aCirc. 657.42 B249 1998
100 _aJesse T. Barfield
245 _aCost accounting :
_btraditions and innovations/
_cJesse T. Barfield
300 _axxxiii, 1065 p. :
_bill. ;
_c23 cm.
650 _aAccounting.
700 _aCecily Raiborn
700 _aMichael R. Kinney
942 _2ddc
_cBK-CIRC
_e3rd ed.
_kCirc.
_n0
999 _c6675
_d6675